000 00753nam a2200241 i 4500
001 133448
003 ES-MaACL
005 20230906194417.0
007 t|
008 070814s1973 fr ||||1| fre d
080 _a811.134.3
100 1 _aLerond, Alain.
_971790
245 1 4 _aLes parlers régionaux /
_cAlain Lerond.
260 _aParis :
_bLarousse,
_c[1973]
300 _a135 p. ;
_c23 cm.
490 1 _aLangue fraçaise ;
_v18
500 _aBiblioteca Jacinto Martínez Lacalle.
500 _aNúmero monográfico de la revista Langue française, nº 18 mai 1973.
650 1 4 _aLengua francesa-
_xRegionalismos.
_914231
830 0 _aLangue fraçaise ;
_v18
_9219738
852 _aES-MaACL
_jE-11947
_bR.139880
999 _c133448
_d133448